000 01367nam a2200361 a 4500
001 000109227
003 CHAP
005 20220329144042.0
008 140410s2013 mx a sm |||||||spa d
010 _a105689
011 _a106661
040 _cCHAP
090 _aTesis
100 1 _aFernández Pavía, Yolanda Leticia
_9126390
245 1 0 _aRespuesta de la nochebuena de sol Euphorbia pulcherrima CV. valenciana al efecto de diferentes nutriciones bajo condiciones de hidropónia en invernadero
_h[En línea]
_cpor Yolanda Leticia Fernández Pavía.
260 _aChapingo, Méx. :
_bEl autor,
_c2013.
500 _aPara ver el contenido del material haga clic en la liga
502 _aTesis (Ph. D en Horticultura) -- UACH. Departamento de Fitotecnia
590 _aBATCH-UPD
_b05
_c20141002
_lUCH01
_h0900
590 _aE5995AHE
_b05
_c20140410
_lUCH01
_h1225
590 _aE5995AHE
_b05
_c20140410
_lUCH01
_h1228
590 _aE5995AHE
_b05
_c20140411
_lUCH01
_h0840
650 1 4 _aCultivos en invernadero.
_930376
650 1 4 _aFlor de nochebuena.
_941304
650 1 4 _aHidroponia
_xTerminología.
_955279
650 1 4 _aMolibdeno.
_977330
650 1 4 _aPigmentos vegetales.
_988057
650 1 4 _aPlantas
_xNutrición.
_988874
856 _aFinding aid
_uhttp://10.13.5.2/tesis/sist109227.pdf
_zTeclea aquí
901 _aBK
942 _cTESIS
942 _n0
999 _c105689
_d105689